000 00490cam a22001577a 4500
008 180718b2010 xxu||||| |||| 00| 0 eng d
020 _a9788125039181
082 _aB262x54 G151
245 _aHind swaraj:a critical edition
_cedited by Suresh Sharma and Tridip Suhrud
260 _aNew Delhi
_bOrient Blackswan
_c2010
300 _a83p.
650 _aIndia -- Politics and government -- 1919-1947
650 _aNationalism -- India
700 _aSuhrud, Tridip
700 _aSharma, Suresh
999 _c443451
_d443451